000 00972nas a2200313 4500
001 BR0901288
003 BR-BrBNA
005 20231205113216.0
007 ta
008 230509b bl.|||p| |||| 00| 00por d
040 _aBR-BrBNA
_bpor
_cBiblioteca Nacional de Agricultura
041 _a(Pt)
072 _aF30
100 1 _aGodoy, R.C.B. de
100 1 _aLedo, C.A. da S.
100 1 _aSantos, A.P. dos
100 1 _aMatos, E.L.S.
100 1 _aLima, A. de A.
100 1 _aWaszczynskyj, N.
245 1 _aDiversidade genética entre acessos de maracujazeiro amarelo avaliada pelas características físico-químicas dos frutos
650 _aMARACUJÁ
650 _aGENÉTICA VEGETAL
650 _aGENÓTIPO
650 _aRENDIMENTO
650 _aPROPRIEDADE FÍSICO-QUÍMICA
773 0 _tRevista Ceres (Brazil)
_xISSN 0034-737X
_g(Nov-Dec 2007), v. 54(316) p. 541-547
_wBR0901288
909 _a202311
_bLúcia
_c55
_dLúcia Elande
942 _2AGRIS
_n0
_cANA
999 _c202469
_d202469